000 00546nam a2200217Ia 4500
003 OSt
005 20221007071913.0
006 a|||||r|||| 00| 0
007 ta
008 221006b |||||||| |||| 00| 0 eng d
024 _a24,643
037 _cTextual
040 _aFLL
_cFLL
_beng
041 _2eng
_aeng
082 _aZ3vM9, D1
245 0 _aCentury of law reform
260 _aLondon
_bMacmillan and Co. Ltd. England
_c1901
300 _aix,1-431p
_ccm.
942 _hZ3vM9, D1
_cTEXL
_2CC
999 _c1144628
_d1144628